| 000 | 00720nam a2200229Ia 4500 | ||
|---|---|---|---|
| 003 | GCL | ||
| 008 | 140319s9999 xx 000 0 ara d | ||
| 040 |
_aGCL / _cGCL |
||
| 082 | 0 | 4 |
_a301.32 _bم م |
| 100 | 1 | _aالمجلس القومى للسكان | |
| 245 | 1 | 0 |
_aالمسح السكانى الصحى مصر 1995 ملخص اهم النتائج / _cالمجلس القومى للسكان |
| 300 | _a20 ص | ||
| 490 | _a | ||
| 650 | 0 | 4 | _aالسكان |
| 650 | 0 | 4 | _aالسكان - علم |
| 650 | 0 | 4 | _aالانفجار السكانى |
| 650 | 0 | 4 | _aتنظيم الاسرة |
| 650 | 0 | 4 | _aتعداد السكان |
| 650 | 0 | 4 | _aالسكان - احصائيات |
| 650 | 0 | 4 | _aمصر - السكان |
| 942 |
_2ddc _cBK |
||
| 999 |
_c52236 _d52236 |
||